[Event "RUS-ChT L1"]
[Site "Sochi RUS"]
[Date "2008.04.03"]
[Round "1"]
[White "Smirnov, Pavel"]
[Black "Korobov, Anton"]
[Result "1/2-1/2"]
[WhiteElo "2599"]
[BlackElo "2573"]
[EventDate "2008.04.03"]
[PlyCount "157"]

1.e4 e5 2.Nf3 Nc6 3.Bb5 a6 4.Ba4 Nf6 5.O-O Be7 6.Re1 b5 7.Bb3 d6 8.c3 Bg4 
9.d3 O-O 10.Nbd2 Na5 11.Bc2 c5 12.h3 Bh5 13.Nf1 Ne8 14.g4 Bg6 15.Ng3 Nc7 
16.Nf5 Nc6 17.Be3 d5 18.d4 cxd4 19.cxd4 Bf6 20.exd5 Nxd4 21.N3xd4 exd4 22.
Bxd4 Bxf5 23.Bxf5 Bxd4 24.Qxd4 Nxd5 25.Rad1 Nf6 26.Qb4 Qb8 27.Rd6 Rd8 28.
Red1 Qc7 29.Qd4 Rxd6 30.Qxd6 Ne8 31.Qxc7 Nxc7 32.Be4 Re8 33.Bc6 Rb8 34.Rd7
Ne6 35.Ra7 g5 36.Rxa6 Kg7 37.Ra7 Nf4 38.Rb7 Nxh3+ 39.Kf1 Rc8 40.Bxb5 Rc2 
41.Be2 Kf6 42.a4 Ke5 43.a5 Nf4 44.Bd1 Rc1 45.Ke1 Ra1 46.Rxf7 Kd4 47.Kd2 
Rxa5 48.Rxh7 Rd5 49.Re7 Kc5+ 50.Kc2 Nd3 51.Bf3 Nb4+ 52.Kc1 Rd3 53.Be4 Rh3 
54.Re5+ Kd4 55.Re7 Rh2 56.Rb7 Na6 57.f3 Nc5 58.Rb4+ Ke3 59.Kb1 Nxe4 60.
fxe4 Kf4 61.e5+ Kxe5 62.Ka2 Rg2 63.Ka3 Kd6 64.Rc4 Kd5 65.b3 Rg3 66.Ka4 Rf3
67.Rb4 Kc6 68.Ka5 Rf4 69.Ra4 Rf3 70.Rc4+ Kd5 71.Rb4 Kc6 72.Rb6+ Kc7 73.Rb5
Rg3 74.Rb4 Kc6 75.Rc4+ Kd5 76.Kb4 Kd6 77.Ka3 Kd5 78.Ka4 Rf3 79.Kb4 1/2-1/2

[Event "RUS-ChT L1"]
[Site "Sochi RUS"]
[Date "2008.04.03"]
[Round "1"]
[White "Voitsekhovsky, Stanislav"]
[Black "Gorovykh, Eduard"]
[Result "1/2-1/2"]
[WhiteElo "2493"]
[BlackElo "2402"]
[EventDate "2008.04.03"]
[PlyCount "28"]

1.e4 e6 2.d4 d5 3.Nc3 Bb4 4.e5 c5 5.a3 Ba5 6.b4 cxd4 7.Nb5 Bc7 8.f4 Bd7 9.
Nxc7+ Qxc7 10.Nf3 Ba4 11.Bb2 Ne7 12.Bd3 Nbc6 13.O-O Qb6 14.Kh1 Bb5 1/2-1/2

[Event "RUS-ChT L1"]
[Site "Sochi RUS"]
[Date "2008.04.03"]
[Round "1"]
[White "Yatsenko, Alexey"]
[Black "Gladyszev, Oleg"]
[Result "0-1"]
[WhiteElo "2442"]
[BlackElo "2485"]
[EventDate "2008.04.03"]
[PlyCount "112"]

1.Nf3 c5 2.g3 Nc6 3.c4 e5 4.Nc3 g6 5.Bg2 Bg7 6.O-O d6 7.a3 a5 8.Ne1 Be6 9.
d3 Nge7 10.Nc2 O-O 11.Ne3 Qd7 12.Ned5 Rab8 13.Bd2 Bg4 14.Rb1 Nxd5 15.cxd5 
Ne7 16.b4 axb4 17.axb4 b6 18.Re1 Bh3 19.Bh1 Ra8 20.Qb3 Ra7 21.Ra1 Rfa8 22.
Rxa7 Qxa7 23.Rb1 Nc8 24.Bg2 Bf5 25.Bf1 Bf6 26.h3 h5 27.Kg2 Bd8 28.Qc4 Bd7 
29.b5 Qc7 30.e3 Bf6 31.g4 hxg4 32.hxg4 Qd8 33.Be2 Bg7 34.Rh1 f5 35.Bd1 Qf6
36.gxf5 gxf5 37.Ba4 Ne7 38.Kf1 Kf7 39.Ke1 Qg5 40.Qh4 Qxh4 41.Rxh4 e4 42.
Bd1 Ra3 43.Nb1 Ra1 44.Bc2 exd3 45.Bxd3 Bxb5 46.Bc2 Bf6 47.Rh7+ Kg6 48.Rh3 
Ba4 49.Rg3+ Kf7 50.Bxa4 Rxa4 51.Nc3 Bxc3 52.Bxc3 Nxd5 53.Bh8 b5 54.Rg7+ 
Ke6 55.Rg6+ Kd7 56.Rg5 Ra8 0-1

[Event "RUS-ChT L1"]
[Site "Sochi RUS"]
[Date "2008.04.03"]
[Round "1"]
[White "Yevseev, Denis"]
[Black "Minasian, Artashes"]
[Result "1-0"]
[WhiteElo "2499"]
[BlackElo "2578"]
[EventDate "2008.04.03"]
[PlyCount "149"]

1.Nf3 g6 2.d4 Bg7 3.c4 c5 4.e4 d6 5.Be2 Nf6 6.Nc3 O-O 7.O-O Na6 8.d5 Nc7 
9.Bf4 Re8 10.h3 e6 11.dxe6 Nxe6 12.Bxd6 Qb6 13.e5 Nh5 14.Qb3 Nhf4 15.Qxb6 
Nxe2+ 16.Nxe2 axb6 17.Nc3 Bd7 18.Nd5 Ra6 19.Rfd1 Rea8 20.a3 Ba4 21.Rd3 Kh8
22.Re1 b5 23.cxb5 Bxb5 24.Rc3 Bc6 25.Nc7 Nxc7 26.Bxc7 Rc8 27.Bd6 Bxf3 28.
Rxf3 Kg8 29.Rb3 b6 30.f4 Rc6 31.Rd1 Ra8 32.Be7 c4 33.Rb5 Bf8 34.Rd7 Bxe7 
35.Rxe7 Ra5 36.Rb4 Rd5 37.Rb7 c3 38.bxc3 Rxc3 39.R4xb6 Rd2 40.Rd6 Re2 41.
e6 Rxe6 42.Rxe6 fxe6 43.Ra7 Rc4 44.g3 h6 45.Kf2 Rc2+ 46.Kf3 Rc3+ 47.Kg4 
Rc4 48.h4 e5 49.a4 exf4 50.gxf4 Rc5 51.a5 h5+ 52.Kf3 Rc4 53.a6 Ra4 54.Ke3 
Kf8 55.Kd3 Ke8 56.Kc3 Kd8 57.Kb3 Ra1 58.Kc4 Kc8 59.Kd5 Ra5+ 60.Ke4 Ra1 61.
Ke5 Kb8 62.Rb7+ Ka8 63.Rb6 Rg1 64.Rb4 Ka7 65.Ra4 Rg4 66.Kf6 Rg1 67.Kg7 Rg2
68.Kh6 Rg4 69.Re4 Kxa6 70.Re6+ Kb7 71.Rxg6 Rxh4 72.f5 Rh1 73.f6 h4 74.f7 
Rf1 75.Kg7 1-0

[Event "RUS-ChT L1"]
[Site "Sochi RUS"]
[Date "2008.04.03"]
[Round "1"]
[White "Zontakh, Andrey"]
[Black "Yudin, Sergei"]
[Result "1/2-1/2"]
[WhiteElo "2573"]
[BlackElo "2519"]
[EventDate "2008.04.03"]
[PlyCount "36"]

1.d4 d5 2.Nf3 c6 3.c4 e6 4.Qc2 dxc4 5.Qxc4 Nf6 6.Bg5 b5 7.Qc2 Bb7 8.e4 
Nbd7 9.Nbd2 Qb6 10.a4 Bb4 11.Bd3 h6 12.Bxf6 Nxf6 13.O-O Nd7 14.Nb3 bxa4 
15.Rxa4 O-O 16.Rc1 c5 17.dxc5 Bxc5 18.Na5 Rfc8 1/2-1/2

[Event "RUS-ChT L1"]
[Site "Sochi RUS"]
[Date "2008.04.04"]
[Round "2"]
[White "Abashev, Denis"]
[Black "Smirnov, Artem"]
[Result "1/2-1/2"]
[WhiteElo "2442"]
[BlackElo "2435"]
[EventDate "2008.04.03"]
[PlyCount "109"]

1.e4 c5 2.Nf3 Nc6 3.d4 cxd4 4.Nxd4 Nf6 5.Nc3 d6 6.Bg5 e6 7.Qd2 Be7 8.O-O-O
Qb6 9.Nb3 O-O 10.f3 a6 11.g4 Qc7 12.Be3 b5 13.Qf2 Nd7 14.g5 Nce5 15.Kb1 
Rb8 16.h4 Nb6 17.Bd3 Nbc4 18.Bc1 Na3+ 19.bxa3 Qxc3 20.f4 Nxd3 21.cxd3 Bb7 
22.Bb2 Qc7 23.Rhg1 e5 24.Rc1 Qd7 25.Qg3 d5 26.Bxe5 Rbc8 27.Qe3 Bxa3 28.Bb2
Bxb2 29.Kxb2 dxe4 30.dxe4 Rxc1 31.Rxc1 Qg4 32.Nc5 Bc8 33.Qf2 Rd8 34.Nb3 
Be6 35.Nd4 Qh3 36.Nc6 Re8 37.Ne5 b4 38.Qf3 Qxf3 39.Nxf3 f6 40.Rc6 Bg4 41.
Nd2 fxg5 42.hxg5 Be2 43.Kb3 a5 44.Ka4 Rd8 45.Nb3 Rf8 46.f5 Re8 47.Kxa5 
Rxe4 48.Nc5 Re8 49.Kxb4 Bg4 50.a4 Rb8+ 51.Kc3 Bxf5 52.a5 Rc8 53.Rxc8+ Bxc8
54.Kd4 Kf7 55.Ke5 1/2-1/2

[Event "RUS-ChT L1"]
[Site "Sochi RUS"]
[Date "2008.04.04"]
[Round "2"]
[White "Ajrapetian, Gevorg"]
[Black "Savchenko, Stanislav"]
[Result "0-1"]
[WhiteElo "2298"]
[BlackElo "2558"]
[EventDate "2008.04.03"]
[PlyCount "98"]

1.e4 c5 2.Nf3 d6 3.c3 Nf6 4.Bd3 Bg4 5.Bc2 Nc6 6.d3 e6 7.Nbd2 d5 8.Qe2 Qc7 
9.h3 Bh5 10.Nf1 Bd6 11.Bg5 O-O-O 12.Ne3 Bf4 13.Bxf4 Qxf4 14.g4 Bg6 15.Ng2 
Qc7 16.Nfh4 c4 17.Nxg6 cxd3 18.Bxd3 hxg6 19.exd5 Ne5 20.O-O-O Nxd3+ 21.
Rxd3 Rxd5 22.Ne3 Qf4 23.Rxd5 Nxd5 24.Qc4+ Kb8 25.Qxf4+ Nxf4 26.h4 f6 27.
Kc2 Kc7 28.c4 f5 29.Kc3 Rd8 30.Kc2 Kc6 31.a3 a5 32.b4 Rd3 33.Ra1 a4 34.
gxf5 gxf5 35.h5 Rb3 36.c5 Kb5 37.Nd1 Rf3 38.Kd2 e5 39.Nc3+ Kc4 40.Nxa4 
Rxf2+ 41.Ke3 Re2+ 42.Kf3 Rd2 43.Nb6+ Kd4 44.Rh1 Rd3+ 45.Kf2 e4 46.h6 Rf3+ 
47.Ke1 Nd3+ 48.Kd2 Rf2+ 49.Kd1 e3 0-1

[Event "RUS-ChT L1"]
[Site "Sochi RUS"]
[Date "2008.04.04"]
[Round "2"]
[White "Anisimov, Pavel"]
[Black "Novik, Maxim"]
[Result "1-0"]
[WhiteElo "2485"]
[BlackElo "2468"]
[EventDate "2008.04.03"]
[PlyCount "97"]

1.e4 c6 2.d4 d5 3.Nd2 dxe4 4.Nxe4 Bf5 5.Ng3 Bg6 6.h4 h6 7.Nf3 Nd7 8.h5 Bh7
9.Bd3 Bxd3 10.Qxd3 e6 11.Bf4 Qa5+ 12.Bd2 Qc7 13.O-O-O Ngf6 14.Ne4 O-O-O 
15.g3 Nxe4 16.Qxe4 Bd6 17.c4 c5 18.Bc3 Nf6 19.Qe2 Rhe8 20.Kb1 Qc6 21.Rh4 
a6 22.Rc1 Re7 23.Ka1 cxd4 24.Nxd4 Qc5 25.Nb3 Qc6 26.Na5 Qc5 27.a3 Qg5 28.
Nb3 Bc7 29.c5 Qd5 30.c6 b5 31.Bb4 Ree8 32.Qe3 Kb8 33.Ba5 Qd6 34.Bb4 Qe5 
35.Qf3 Qd5 36.Qc3 Qe5 37.Qf3 Qd5 38.Qc3 Qe5 39.Qc2 Qf5 40.Qe2 Qe5 41.Qc2 
Qf5 42.Qe2 Qe5 43.Qf1 Rd5 44.Nc5 Ka7 45.Bc3 Qf5 46.Ra4 Rxc5 47.Bd4 bxa4 
48.Rxc5 Qg4 49.Rb5+ 1-0

[Event "RUS-ChT L1"]
[Site "Sochi RUS"]
[Date "2008.04.04"]
[Round "2"]
[White "Babiy, Anatoly"]
[Black "Paveliev, Alexey"]
[Result "1/2-1/2"]
[WhiteElo "2452"]
[BlackElo "2423"]
[EventDate "2008.04.03"]
[PlyCount "99"]

1.d4 d5 2.c4 c6 3.Nf3 Nf6 4.e3 Bf5 5.Qb3 Qb6 6.cxd5 Qxb3 7.axb3 Nxd5 8.Nc3
Nb4 9.Kd2 Nd7 10.e4 Bg4 11.Na2 e5 12.dxe5 Nxa2 13.Rxa2 Bc5 14.Ke2 Be6 15.
Be3 Bxb3 16.Ra1 Bc4+ 17.Kd2 Bxf1 18.Rhxf1 O-O-O 19.Ke2 a6 20.Rfd1 Bxe3 21.
Kxe3 Rhe8 22.Kf4 Kc7 23.h4 Re7 24.Rd4 Nxe5 25.Rxd8 Ng6+ 26.Kf5 Kxd8 27.h5 
Nf8 28.h6 g6+ 29.Kf6 Nd7+ 30.Kg7 f5+ 31.Kg8 fxe4 32.Ng5 Nf6+ 33.Kf8 Rd7 
34.Re1 Ng4 35.Nf7+ Kc7 36.f3 exf3 37.gxf3 Nxh6 38.Nxh6 Rd3 39.Rf1 Kd6 40.
Kg7 Ke5 41.f4+ Ke4 42.Kxh7 Rf3 43.Rc1 Rxf4 44.Kxg6 Rf2 45.b3 Rf3 46.Rb1 
Kd3 47.Nf5 Rf4 48.Rd1+ Kc2 49.Rh1 Kxb3 50.Rb1+ 1/2-1/2

[Event "RUS-ChT L1"]
[Site "Sochi RUS"]
[Date "2008.04.04"]
[Round "2"]
[White "Bachin, Vitaly"]
[Black "Airapetian, Gor"]
[Result "1/2-1/2"]
[WhiteElo "2488"]
[BlackElo "2318"]
[EventDate "2008.04.03"]
[PlyCount "84"]

1.e4 e6 2.d4 d5 3.Nd2 c5 4.dxc5 Bxc5 5.Nb3 Bb6 6.exd5 exd5 7.Nf3 Nf6 8.
Bb5+ Nc6 9.O-O O-O 10.Bg5 Qd6 11.c4 Rd8 12.c5 Bxc5 13.Bxc6 bxc6 14.Bxf6 
gxf6 15.Nxc5 Qxc5 16.Rc1 Qd6 17.Qd4 Bd7 18.Rfe1 Rab8 19.a3 Rb5 20.b4 a5 
21.Nd2 Bf5 22.bxa5 c5 23.Qa4 Qa6 24.Qf4 Bg6 25.h4 Rxa5 26.Nb3 Rxa3 27.Nxc5
Qd6 28.Qd4 Qb6 29.h5 Bxh5 30.Rb1 Qc6 31.Ne4 dxe4 32.Qxd8+ Kg7 33.Rb8 Rd3 
34.Qf8+ Kg6 35.Qe7 Qd5 36.Re8 Rd1 37.Qxe4+ Qxe4 38.Rxe4 Rd5 39.g4 Rg5 40.
f3 Kg7 41.Kf2 Bg6 42.Re8 Ra5 1/2-1/2

[Event "RUS-ChT L1"]
[Site "Sochi RUS"]
[Date "2008.04.04"]
[Round "2"]
[White "Brodsky, Michail"]
[Black "Zabotin, Alexander"]
[Result "1/2-1/2"]
[WhiteElo "2572"]
[BlackElo "2495"]
[EventDate "2008.04.03"]
[PlyCount "74"]

1.Nf3 Nf6 2.c4 g6 3.Nc3 d5 4.Qa4+ Bd7 5.Qb3 dxc4 6.Qxc4 Bg7 7.e4 Bc6 8.d3 
O-O 9.Be2 Ne8 10.O-O Nd6 11.Qb3 Nd7 12.Be3 e5 13.Rac1 h6 14.d4 exd4 15.
Nxd4 Nc5 16.Qb4 Ne6 17.Nxc6 bxc6 18.Nd1 Qe8 19.Bd3 Kh7 20.Re1 Qd7 21.Re2 
f5 22.exf5 Nxf5 23.Rd2 Nfd4 24.Be4 c5 25.Qc4 Rad8 26.Nc3 c6 27.Rcd1 Qe7 
28.a3 a5 29.g3 h5 30.Bg2 Bh6 31.Ne4 Rd5 32.b4 axb4 33.axb4 Bxe3 34.fxe3 
Nf5 35.Qc3 Rxd2 36.Rxd2 cxb4 37.Qxc6 Rd8 1/2-1/2

[Event "RUS-ChT L1"]
[Site "Sochi RUS"]
[Date "2008.04.04"]
[Round "2"]
[White "Chuprov, Dmitry"]
[Black "Kovalenko, Igor"]
[Result "1-0"]
[WhiteElo "2596"]
[BlackElo "2450"]
[EventDate "2008.04.03"]
[PlyCount "220"]

1.e4 c5 2.Nf3 e6 3.d4 cxd4 4.Nxd4 a6 5.Bd3 Qb6 6.Nb3 Qc7 7.O-O Nf6 8.f4 d6
9.Nc3 Nbd7 10.Qe2 b5 11.Bd2 Bb7 12.Kh1 b4 13.Nd1 d5 14.exd5 Nxd5 15.c4 
N5f6 16.Ne3 Be7 17.Rac1 O-O 18.Nd5 Nxd5 19.cxd5 Qd6 20.dxe6 fxe6 21.Bxb4 
Qxb4 22.Qxe6+ Kh8 23.Qxd7 Rad8 24.Qh3 h6 25.Qg3 Rf6 26.Rc7 Bf8 27.f5 Be4 
28.Rc4 Qb5 29.Rxe4 Rxd3 30.Qe1 Rxf5 31.Nd4 Rd1 32.Rxf5 Rxe1+ 33.Rxe1 Qb4 
34.Re8 Qxd4 35.Rexf8+ Kh7 36.Rf2 h5 37.h3 Kh6 38.a3 a5 39.R8f4 Qd1+ 40.Rf1
Qb3 41.R4f2 Qe3 42.Rc2 Qe4 43.Rfc1 g6 44.b4 a4 45.Rc3 Qe5 46.Rf3 Qb2 47.
Rc5 Qd2 48.Re5 Qd1+ 49.Kh2 Qd6 50.Re3 h4 51.Kh1 Qd1+ 52.Re1 Qb3 53.R5e3 
Qb2 54.Kh2 Qf2 55.Kh1 Qb2 56.Rf3 Kh5 57.Kh2 g5 58.Re6 Qd4 59.Rff6 Qe5+ 60.
Kg1 Qd4+ 61.Kf1 Qd1+ 62.Kf2 Qd2+ 63.Kg1 Qd4+ 64.Rf2 g4 65.hxg4+ Kxg4 66.b5
Qa1+ 67.Kh2 Qxa3 68.Re4+ Kg5 69.b6 Qg3+ 70.Kg1 Qb3 71.b7 Qxb7 72.Rxa4 Qb6 
73.Rf4 Qc5 74.Rf3 Qc1+ 75.Rf1 Qc5+ 76.Kh2 Qe5+ 77.Kh3 Qe4 78.Rf5+ Kg6 79.
Rf6+ Kg7 80.R6f4 Qe2 81.Rg4+ Kh6 82.Rf6+ Kh5 83.Rf5+ Kh6 84.Rxh4+ Kg6 85.
Rhf4 Qd3+ 86.Kh4 Qd8+ 87.Rf6+ Kg7 88.Kh3 Qd7+ 89.R4f5 Qd3+ 90.Rf3 Qd7+ 91.
Kh4 Qd8 92.Kh5 Qh8+ 93.Kg4 Qc8+ 94.R3f5 Qc4+ 95.Kh5 Qe2+ 96.Rf3 Qe5+ 97.
R6f5 Qh2+ 98.Rh3 Qc7 99.Rg3+ Kh7 100.Rh3 Qg7 101.Rg5 Qd4 102.Rhg3 Qd1+ 
103.Kh4 Qd4+ 104.R5g4 Qa1 105.Rg7+ Kh8 106.R7g5 Qf6 107.Rg4 Kh7 108.Kh3 
Qc3+ 109.Rg3 Qc8+ 110.Kh2 Kh6 1-0

[Event "RUS-ChT L1"]
[Site "Sochi RUS"]
[Date "2008.04.04"]
[Round "2"]
[White "Filippov, Valerij"]
[Black "Chadaev, Nikolay"]
[Result "1-0"]
[WhiteElo "2561"]
[BlackElo "2471"]
[EventDate "2008.04.03"]
[PlyCount "48"]

1.Nf3 Nf6 2.c4 g6 3.d4 Bg7 4.g3 O-O 5.Bg2 d6 6.Nc3 Nc6 7.O-O Bd7 8.d5 Na5 
9.Nd2 Ne8 10.Qc2 c6 11.b3 cxd5 12.cxd5 Rc8 13.Bb2 b5 14.a3 Qb6 15.Rfc1 Nf6
16.h3 Rc7 17.Qd3 Rfc8 18.Nd1 Nh5 19.Rxc7 Rxc7 20.Bxg7 Kxg7 21.Ne3 b4 22.
axb4 Qxb4 23.Nc2 Qc5 24.Nd4 Nf6 1-0

[Event "RUS-ChT L1"]
[Site "Sochi RUS"]
[Date "2008.04.04"]
[Round "2"]
[White "Gasanov, Eldar"]
[Black "Yatsenko, Alexey"]
[Result "1/2-1/2"]
[WhiteElo "2541"]
[BlackElo "2442"]
[EventDate "2008.04.03"]
[PlyCount "88"]

1.d4 d6 2.c4 e5 3.Nf3 e4 4.Ng5 f5 5.Nc3 Nf6 6.Nh3 Be7 7.Nf4 O-O 8.e3 c6 9.
Be2 Na6 10.O-O Nc7 11.d5 c5 12.a3 g5 13.Nh3 h6 14.Kh1 Nd7 15.b4 Bf6 16.Bb2
Qe7 17.Qd2 Bg7 18.Rae1 b6 19.Ng1 Nf6 20.f3 Bd7 21.fxe4 fxe4 22.Qd1 Qe8 23.
Rf2 Qg6 24.Ref1 h5 25.Qa1 Ng4 26.Rxf8+ Rxf8 27.Rxf8+ Bxf8 28.Nd1 Ne8 29.
Nh3 Nh6 30.Ndf2 Bg7 31.Bxg7 Nxg7 32.Qb1 Bf5 33.bxc5 dxc5 34.Qb5 Nf7 35.Qa6
Qf6 36.Qxa7 Qc3 37.Qb8+ Kh7 38.Qc7 Bg6 39.Nxe4 Bxe4 40.Qxf7 Qxe3 41.Ng1 g4
42.a4 Bg6 43.Qc7 Be4 44.Qf7 Bg6 1/2-1/2

[Event "RUS-ChT L1"]
[Site "Sochi RUS"]
[Date "2008.04.04"]
[Round "2"]
[White "Gladyszev, Oleg"]
[Black "Zacurdajev, Mikhail"]
[Result "0-1"]
[WhiteElo "2485"]
[BlackElo "2408"]
[EventDate "2008.04.03"]
[PlyCount "40"]

1.d4 Nf6 2.c4 e6 3.Nc3 Bb4 4.Qc2 c5 5.dxc5 Na6 6.a3 Bxc3+ 7.Qxc3 Nxc5 8.f3
d5 9.cxd5 b6 10.b4 Na4 11.Qb3 b5 12.e4 a6 13.Bd3 Qe7 14.f4 Qa7 15.Nf3 exd5
16.e5 Ng4 17.Qc2 Bb7 18.h3 Ne3 19.Qf2 d4 20.Qg3 O-O-O 0-1

[Event "RUS-ChT L1"]
[Site "Sochi RUS"]
[Date "2008.04.04"]
[Round "2"]
[White "Gorovykh, Eduard"]
[Black "Slugin, Sergey"]
[Result "1/2-1/2"]
[WhiteElo "2402"]
[BlackElo "2402"]
[EventDate "2008.04.03"]
[PlyCount "131"]

1.e4 c6 2.d4 d5 3.f3 e6 4.Nc3 Bb4 5.a3 Bxc3+ 6.bxc3 c5 7.Ne2 Ne7 8.Be3 O-O
9.Nf4 Qa5 10.Qd2 Nbc6 11.dxc5 dxe4 12.fxe4 Ne5 13.Bd3 Bd7 14.O-O Ng4 15.e5
Nxe3 16.Qxe3 Rac8 17.Rad1 Rc7 18.Kh1 Ng6 19.Bxg6 fxg6 20.Rf2 Re8 21.h4 Bc8
22.h5 Qxc5 23.Qxc5 Rxc5 24.hxg6 Rxe5 25.Rfd2 Rf5 26.g3 hxg6 27.Nxg6 Kf7 
28.Nh4 Rf6 29.Kg1 b6 30.Ng2 Bb7 31.Ne3 Rf3 32.Rf2 Rxf2 33.Kxf2 Ke7 34.Rd4 
Rf8+ 35.Ke2 Ba6+ 36.c4 Bb7 37.Rh4 Bf3+ 38.Kd2 Bc6 39.Rg4 Rg8 40.Kc3 g5 41.
Rd4 Rf8 42.Ng4 Rf5 43.Rd3 Bf3 44.Ne5 Rxe5 45.Rxf3 Rf5 46.Re3 Rf2 47.Kb4 
Rxc2 48.Kb5 Rd2 49.Ka6 Rd7 50.a4 Rc7 51.Re4 Kd6 52.Rg4 Rc5 53.Kb7 Ra5 54.
Re4 Ke7 55.c5 bxc5 56.Kc6 Kf6 57.Rc4 e5 58.Kb7 g4 59.Rxg4 Kf5 60.Rc4 e4 
61.g4+ Ke5 62.g5 e3 63.g6 Kf6 64.Rg4 Kg7 65.Re4 Kxg6 66.Kc6 1/2-1/2

[Event "RUS-ChT L1"]
[Site "Sochi RUS"]
[Date "2008.04.04"]
[Round "2"]
[White "Inants, Aghasi"]
[Black "Batsanin, Dmitry"]
[Result "0-1"]
[WhiteElo "2241"]
[BlackElo "2474"]
[EventDate "2008.04.03"]
[PlyCount "48"]

1.e4 c5 2.Nf3 Nc6 3.Bb5 g6 4.Bxc6 dxc6 5.d3 Bg7 6.h3 Nf6 7.Nc3 O-O 8.Be3 
b6 9.Qd2 e5 10.Bh6 Qd6 11.O-O-O a5 12.Nh2 Re8 13.Bxg7 Kxg7 14.Rdf1 a4 15.
f4 exf4 16.Rxf4 Ra7 17.Ng4 Bxg4 18.hxg4 Qe5 19.Rhf1 Re6 20.Kb1 a3 21.b3 
Rd7 22.Qe1 Nd5 23.d4 Qxd4 24.R4f3 Rxe4 0-1

[Event "RUS-ChT L1"]
[Site "Sochi RUS"]
[Date "2008.04.04"]
[Round "2"]
[White "Ivanov, Alexey2"]
[Black "Iljin, Artem"]
[Result "0-1"]
[WhiteElo "2418"]
[BlackElo "2548"]
[EventDate "2008.04.03"]
[PlyCount "112"]

1.e4 c6 2.d4 d5 3.Nc3 dxe4 4.Nxe4 Bf5 5.Ng3 Bg6 6.Nf3 Nd7 7.c3 e6 8.Bd3 
Bxd3 9.Qxd3 Ngf6 10.Bg5 Be7 11.O-O O-O 12.Rad1 h6 13.Bxf6 Nxf6 14.Ne4 Qd5 
15.Nxf6+ Bxf6 16.a3 Rfd8 17.Qe2 Qb3 18.Rd2 Rd5 19.Qd1 Qc4 20.Qe2 Qa4 21.
Rfd1 Rad8 22.g3 b5 23.Kg2 a5 24.Rc1 R5d7 25.h4 Qb3 26.Kg1 c5 27.Rcd1 cxd4 
28.Nxd4 Bxd4 29.cxd4 b4 30.axb4 Qxb4 31.Qe3 Rd5 32.f4 h5 33.Kh2 Rc8 34.Kh3
Qb6 35.b3 Qb4 36.Rd3 g6 37.Qd2 Qb6 38.Rc3 Rcd8 39.Rd3 Rb5 40.Qe3 Qb7 41.
Rc3 Rb8 42.Ra1 Rc8 43.Rxc8+ Qxc8 44.Rc1 Qb7 45.Qc3 Rxb3 46.Qc8+ Kg7 47.
Qxb7 Rxb7 48.Ra1 Ra7 49.Ra4 Kf6 50.g4 hxg4+ 51.Kxg4 Ra8 52.h5 gxh5+ 53.
Kxh5 Kf5 54.Kh6 Kxf4 55.Kg7 Ra7 56.Kf6 Ke4 0-1

[Event "RUS-ChT L1"]
[Site "Sochi RUS"]
[Date "2008.04.04"]
[Round "2"]
[White "Ivanov, Alexey2"]
[Black "Neverov, Anatoly"]
[Result "1-0"]
[WhiteElo "2418"]
[BlackElo "2389"]
[EventDate "2008.04.03"]
[PlyCount "60"]

1.e4 e5 2.Nf3 Nc6 3.Bb5 a6 4.Ba4 g6 5.d4 exd4 6.Bg5 f6 7.Bh4 Bg7 8.c3 d3 
9.e5 Nh6 10.O-O O-O 11.Qxd3 Nf5 12.Bxf6 Bxf6 13.exf6 Qxf6 14.Nbd2 Kh8 15.
Rae1 d6 16.Ne4 Qg7 17.Bb3 Bd7 18.Neg5 Nd8 19.g4 Nh6 20.h3 Ng8 21.Re3 Ne7 
22.Rfe1 Nec6 23.Bd5 Qf6 24.R1e2 Kg7 25.a4 h6 26.Ne4 Qf4 27.Ng3 Nf7 28.Bxc6
bxc6 29.Re7 Rad8 30.Nd4 Qg5 1-0

[Event "RUS-ChT L1"]
[Site "Sochi RUS"]
[Date "2008.04.04"]
[Round "2"]
[White "Kalugin, Sergei"]
[Black "Smirnov, Pavel"]
[Result "1/2-1/2"]
[WhiteElo "2457"]
[BlackElo "2599"]
[EventDate "2008.04.03"]
[PlyCount "64"]

1.e4 c5 2.Nf3 Nc6 3.Bb5 g6 4.Bxc6 dxc6 5.d3 Bg7 6.h3 Nf6 7.Nc3 O-O 8.Be3 
b6 9.Qd2 e5 10.O-O Ne8 11.Nh2 Nc7 12.f4 exf4 13.Rxf4 f5 14.Rf2 Be6 15.Raf1
Qd7 16.Bh6 Rad8 17.Bxg7 Qxg7 18.b3 Nb5 19.Nxb5 cxb5 20.exf5 Bxf5 21.Qg5 
Rde8 22.Ng4 Bxg4 23.Rxf8+ Rxf8 24.Rxf8+ Kxf8 25.Qxg4 Qa1+ 26.Kf2 Qc1 27.
Qe2 b4 28.Kg3 Kf7 29.Qf3+ Kg7 30.Qe4 Qg5+ 31.Kf3 Qf6+ 32.Kg3 Qg5+ 1/2-1/2

[Event "RUS-ChT L1"]
[Site "Sochi RUS"]
[Date "2008.04.04"]
[Round "2"]
[White "Klimov, Anton"]
[Black "Burmakin, Vladimir"]
[Result "1/2-1/2"]
[WhiteElo "2351"]
[BlackElo "2611"]
[EventDate "2008.04.03"]
[PlyCount "30"]

1.d4 d5 2.c4 c6 3.Nf3 Nf6 4.e3 Bf5 5.Nc3 e6 6.Nh4 Be4 7.f3 Bg6 8.Bd2 Nbd7 
9.Qb3 Qb6 10.O-O-O Be7 11.g4 dxc4 12.Qxc4 O-O 13.g5 Nd5 14.Nxg6 hxg6 15.
Nxd5 exd5 1/2-1/2

[Event "RUS-ChT L1"]
[Site "Sochi RUS"]
[Date "2008.04.04"]
[Round "2"]
[White "Klimov, Sergey"]
[Black "Zontakh, Andrey"]
[Result "0-1"]
[WhiteElo "2483"]
[BlackElo "2573"]
[EventDate "2008.04.03"]
[PlyCount "44"]

1.e4 c6 2.d4 d5 3.e5 Bf5 4.Be3 e6 5.Nd2 Nd7 6.Ngf3 Ne7 7.Be2 h6 8.O-O g5 
9.Nb3 Bg7 10.c4 O-O 11.Qd2 Bg6 12.h3 a5 13.Rfe1 a4 14.Nc1 c5 15.dxc5 Nxe5 
16.Nxe5 Bxe5 17.Nd3 Bg7 18.Qc1 a3 19.b4 dxc4 20.Qxc4 Bxa1 21.Rxa1 Qd5 22.
Qc3 Qe4 0-1

[Event "RUS-ChT L1"]
[Site "Sochi RUS"]
[Date "2008.04.04"]
[Round "2"]
[White "Korotylev, Alexey"]
[Black "Gutov, Andrey"]
[Result "1-0"]
[WhiteElo "2607"]
[BlackElo "2467"]
[EventDate "2008.04.03"]
[PlyCount "67"]

1.Nf3 Nf6 2.c4 e6 3.g3 d5 4.Bg2 dxc4 5.Qa4+ Nbd7 6.Qxc4 a6 7.Qb3 c5 8.a4 
Rb8 9.a5 b5 10.axb6 Qxb6 11.Qc2 Qb3 12.Qxb3 Rxb3 13.d3 Bd6 14.Nbd2 Rb5 15.
Nc4 Bc7 16.Bd2 Nd5 17.O-O Ke7 18.Rfc1 Bb7 19.Be1 Rb8 20.Nfd2 Bc8 21.f4 f5 
22.Bf2 h6 23.Nf3 Kf6 24.d4 g5 25.fxg5+ hxg5 26.dxc5 Nxc5 27.Na3 Nb3 28.
Nxb5 axb5 29.Rxc7 Nxc7 30.Ra3 Nc1 31.Bd4+ Ke7 32.Be5 Rb7 33.Nd4 b4 34.Ra1 
1-0

[Event "RUS-ChT L1"]
[Site "Sochi RUS"]
[Date "2008.04.04"]
[Round "2"]
[White "Kryakvin, Dmitry"]
[Black "Kuligin, Evgeni"]
[Result "1-0"]
[WhiteElo "2535"]
[BlackElo "2336"]
[EventDate "2008.04.03"]
[PlyCount "45"]

1.d4 d5 2.c4 dxc4 3.Nf3 Nf6 4.e3 e6 5.Bxc4 c5 6.O-O a6 7.Bb3 Nc6 8.Qe2 
cxd4 9.Rd1 Be7 10.exd4 O-O 11.Nc3 Na5 12.Bc2 b5 13.Bg5 Bb7 14.d5 exd5 15.
Nd4 g6 16.Qf3 Nc4 17.Qh3 Nxb2 18.Nf5 gxf5 19.Bxf5 Re8 20.Ne4 Nxd1 21.Qh6 
Qc8 22.Nxf6+ Bxf6 23.Bxh7+ 1-0

[Event "RUS-ChT L1"]
[Site "Sochi RUS"]
[Date "2008.04.04"]
[Round "2"]
[White "Maslak, Konstantin"]
[Black "Pigusov, Evgeny"]
[Result "1/2-1/2"]
[WhiteElo "2510"]
[BlackElo "2558"]
[EventDate "2008.04.03"]
[PlyCount "88"]

1.e4 c5 2.Nf3 Nc6 3.d4 cxd4 4.Nxd4 g6 5.Nc3 Bg7 6.Be3 Nf6 7.Bc4 O-O 8.Bb3 
d6 9.h3 Bd7 10.O-O Nxd4 11.Bxd4 Bc6 12.Qd3 a5 13.a4 Nd7 14.Bxg7 Kxg7 15.
Qd4+ Kg8 16.Rfe1 Qb6 17.Qd2 Rac8 18.Bd5 Qb4 19.Bxc6 bxc6 20.b3 c5 21.Rad1 
Nf6 22.e5 dxe5 23.Rxe5 c4 24.Rb5 Qa3 25.Nd5 Nxd5 26.Qxd5 e6 27.Qe4 cxb3 
28.cxb3 Rc3 29.Rb1 Rc5 30.b4 Rxb5 31.axb5 a4 32.Qc4 Rb8 33.h4 h5 34.Kh2 e5
35.Kg1 Kg7 36.Qc5 Re8 37.b6 Qd3 38.Re1 a3 39.b7 Qd2 40.Rf1 Qd8 41.Ra1 Qb8 
42.Rxa3 Qxb7 43.Re3 Qe7 44.Qxe7 Rxe7 1/2-1/2

[Event "RUS-ChT L1"]
[Site "Sochi RUS"]
[Date "2008.04.04"]
[Round "2"]
[White "Maximov, Dmitry"]
[Black "Pridorozhni, Aleksei"]
[Result "1-0"]
[WhiteElo "2485"]
[BlackElo "2519"]
[EventDate "2008.04.03"]
[PlyCount "32"]

1.e4 e5 2.Nf3 Nc6 3.Bb5 Nf6 4.O-O Nxe4 5.d4 Nd6 6.Bxc6 dxc6 7.dxe5 Nf5 8.
Qxd8+ Kxd8 9.Nc3 Bd7 10.b3 Kc8 11.Bb2 Be7 12.Ne2 a5 13.a4 c5 14.Rfe1 Bc6 
15.Ng3 Nxg3 16.hxg3 Rd8 1-0

[Event "RUS-ChT L1"]
[Site "Sochi RUS"]
[Date "2008.04.04"]
[Round "2"]
[White "Moiseenko, Vladimir1"]
[Black "Sergienko, Sergey"]
[Result "0-1"]
[WhiteElo "2409"]
[BlackElo "2449"]
[EventDate "2008.04.03"]
[PlyCount "68"]

1.e4 c6 2.d4 g6 3.h4 h5 4.Nc3 d5 5.e5 Nh6 6.Nge2 Nf5 7.Bf4 e6 8.Qd2 c5 9.
dxc5 Bxc5 10.Ng3 a6 11.O-O-O Nd7 12.Bg5 Qc7 13.Bd3 b5 14.Bxf5 gxf5 15.Qe2 
Bb4 16.Nxh5 Bxc3 17.Nf6+ Kf8 18.Nxd7+ Bxd7 19.Bf6 Rh6 20.Qe3 Rxf6 21.bxc3 
f4 22.Qd4 Rf5 23.Rde1 Rc8 24.Rh3 Qc5 25.Qd2 Qa3+ 26.Kd1 Qxa2 27.h5 b4 28.
h6 Kg8 29.g4 bxc3 30.Qc1 Rb8 31.h7+ Kh8 32.gxf5 Rb1 33.Ke2 Rxc1 34.Rxc1 
Qc4+ 0-1

[Event "RUS-ChT L1"]
[Site "Sochi RUS"]
[Date "2008.04.04"]
[Round "2"]
[White "Olenin, Nikolay"]
[Black "Genba, Vladimir"]
[Result "1/2-1/2"]
[WhiteElo "2353"]
[BlackElo "2429"]
[EventDate "2008.04.03"]
[PlyCount "62"]

1.e4 e5 2.Nc3 Nf6 3.g3 d5 4.exd5 Nxd5 5.Bg2 Nxc3 6.bxc3 Bd6 7.Ne2 O-O 8.
O-O Nd7 9.d3 c6 10.a4 a5 11.h3 Nf6 12.c4 Re8 13.Rb1 h6 14.Be3 Qe7 15.Qd2 
Bb4 16.c3 Bc5 17.d4 exd4 18.cxd4 Bb4 19.Qc2 Ne4 20.Bxe4 Qxe4 21.Qxe4 Rxe4 
22.g4 Bd7 23.Ng3 Ree8 24.c5 Rad8 25.Rfc1 Be6 26.Nf5 Bxf5 27.gxf5 Re4 28.
Kg2 Rd5 29.Kf3 Re8 30.Kf4 g5+ 31.fxg6 fxg6 1/2-1/2

[Event "RUS-ChT L1"]
[Site "Sochi RUS"]
[Date "2008.04.04"]
[Round "2"]
[White "Papin, Vasily"]
[Black "Nevostrujev, Vladimir"]
[Result "1-0"]
[WhiteElo "2475"]
[BlackElo "2469"]
[EventDate "2008.04.03"]
[PlyCount "44"]

1.d4 Nf6 2.c4 g6 3.g3 Bg7 4.Bg2 O-O 5.Nc3 c5 6.d5 d6 7.Nf3 e6 8.O-O exd5 
9.cxd5 Nbd7 10.h3 Qe7 11.Bf4 a6 12.a4 h6 13.Qc1 Kh7 14.Re1 Nh5 15.Bd2 c4 
16.g4 Nhf6 17.g5 hxg5 18.Nxg5+ Kg8 19.Nd1 b5 20.axb5 Nc5 21.Ra3 Nb3 22.
Qxc4 Nxd2 1-0